书目信息 |
| 题名: |
机床电气控制技术
|
|
| 作者: | 杨林建 主编 | |
| 分册: | ||
| 出版信息: | 北京 北京理工大学出版社 2008.06 |
|
| 页数: | 272页 | |
| 开本: | 23cm | |
| 丛书名: | ||
| 单 册: | ||
| 中图分类: | TG502.35 | |
| 科图分类: | ||
| 主题词: | 机床--ji chuang--电气控制--高等学校--教材 | |
| 电子资源: | ||
| ISBN: | 978-7-5640-1558-9 | |
| 000 | 00847nam0 2200241 450 | |
| 001 | 012009359168 | |
| 005 | 20090430090000.93 | |
| 010 | @a978-7-5640-1558-9@dCNY29.00 | |
| 100 | @a20090430d2008 em y0chi0120 ea | |
| 101 | 0 | @achi |
| 102 | @aCN@b110000 | |
| 105 | @aa a 000yy | |
| 106 | @ar | |
| 200 | 1 | @a机床电气控制技术@Aji chuang dian qi kong zhi ji shu@f杨林建主编@Fyang lin jian zhu bian |
| 210 | @a北京@c北京理工大学出版社@d2008.06 | |
| 215 | @a272页@c图@d23cm | |
| 320 | @a有书目 (第272页) | |
| 330 | @a本书共六章,主要内容包括机床常用电气及选择、机床电气控制的基本环节、普通机床电气控制线路、可编程控制器和数控机床电气控制线路等。 | |
| 606 | 0 | @a机床@Aji chuang@x电气控制@x高等学校@j教材 |
| 690 | @aTG502.35@v4 | |
| 701 | 0 | @a杨林建@Ayang lin jian@4主编 |
| 801 | 0 | @aCN@bQSSK@c20090430 |
| 905 | @b741217-19@dTG502.35@eY222@f3 | |
| 机床电气控制技术/杨林建主编.-北京:北京理工大学出版社,2008.06 |
| 272页:图;23cm |
| ISBN 978-7-5640-1558-9:CNY29.00 |
| 本书共六章,主要内容包括机床常用电气及选择、机床电气控制的基本环节、普通机床电气控制线路、可编程控制器和数控机床电气控制线路等。 |
| ● |
| 相关链接 |
|
|
|
正题名:机床电气控制技术
索取号:TG502.35/Y222
 
预约/预借
| 序号 | 登录号 | 条形码 | 馆藏地/架位号 | 状态 | 备注 |
| 1 | 741217 | 207412174 | 自科库501/501自科库 27排2列3层/ [索取号:TG502.35/Y222] | 在馆 | |
| 2 | 741218 | 207412183 | 自科库501/501自科库 27排2列3层/ [索取号:TG502.35/Y222] | 在馆 | |
| 3 | 741219 | 207412192 | 自科库501/501自科库 27排2列3层/ [索取号:TG502.35/Y222] | 在馆 |